<?xml version="1.0" encoding="UTF-8"?>
<record
    xmlns:xsi="http://www.w3.org/2001/XMLSchema-instance"
    xsi:schemaLocation="http://www.loc.gov/MARC21/slim http://www.loc.gov/standards/marcxml/schema/MARC21slim.xsd"
    xmlns="http://www.loc.gov/MARC21/slim">

  <leader>00713cam a22001812a 4500</leader>
  <controlfield tag="001">  000472</controlfield>
  <controlfield tag="003">  AR-FADEU</controlfield>
  <controlfield tag="008">  311216n1978####xxu####################dd</controlfield>
  <datafield tag="100" ind1=" " ind2=" ">
    <subfield code="a">Bernard, Tom&#xE1;s D.</subfield>
  </datafield>
  <datafield tag="245" ind1=" " ind2=" ">
    <subfield code="a">R&#xE9;gimen municipal argentino</subfield>
  </datafield>
  <datafield tag="260" ind1=" " ind2=" ">
    <subfield code="b">Depalma</subfield>
  </datafield>
  <datafield tag="260" ind1=" " ind2=" ">
    <subfield code="a">Buenos Aires</subfield>
  </datafield>
  <datafield tag="260" ind1=" " ind2=" ">
    <subfield code="c">1978</subfield>
  </datafield>
  <datafield tag="650" ind1=" " ind2=" ">
    <subfield code="a">MUNICIPIO</subfield>
  </datafield>
  <datafield tag="942" ind1=" " ind2=" ">
    <subfield code="c">FOLLETO</subfield>
  </datafield>
  <datafield tag="773" ind1="0" ind2=" ">
    <subfield code="0">8988</subfield>
    <subfield code="9">7711</subfield>
    <subfield code="a">Asociaci&#xF3;n argentina de derecho constitucional</subfield>
    <subfield code="b">2a. ed.</subfield>
    <subfield code="d">Buenos Aires</subfield>
    <subfield code="o">11473</subfield>
    <subfield code="t">La reforma de las constituciones provinciales</subfield>
    <subfield code="w">(  AR-FADEU)  003156</subfield>
    <subfield code="x"></subfield>
    <subfield code="z"></subfield>
  </datafield>
  <datafield tag="773" ind1="0" ind2=" ">
    <subfield code="0">10786</subfield>
    <subfield code="9">9769</subfield>
    <subfield code="a">Asociaci&#xF3;n Argentina de Derecho Constitucional</subfield>
    <subfield code="b">2a. ed</subfield>
    <subfield code="d">Buenos Aires</subfield>
    <subfield code="o">3737</subfield>
    <subfield code="t">La reforma de las constituciones provinciales</subfield>
    <subfield code="w">(  AR-FADEU)  004964</subfield>
    <subfield code="x"></subfield>
    <subfield code="z"></subfield>
  </datafield>
  <datafield tag="999" ind1=" " ind2=" ">
    <subfield code="c">1231</subfield>
    <subfield code="d">1231</subfield>
  </datafield>
</record>
